000 00353nam a2200133Ia 4500
008 240624s9999 xx 000 0 und d
041 _aeng
082 _a658.40621 BRI
100 _aBRIDGES WILLIAM
245 _aMANAGING TRANSITIONS MAKING THE MOST OF
260 _c1991
_aCambridge
_bPerseus Books
300 _ax, : 130 : p. : cm. ; 23
365 _c
_b20
999 _c9639
_d9639